| 000 | 01315nam a2200349 a 4500 | ||
|---|---|---|---|
| 001 | 000111782 | ||
| 003 | CHAP | ||
| 005 | 20220329144228.0 | ||
| 008 | 150728s2014 mx a |r| ||||||spa d | ||
| 010 | _a108243 | ||
| 011 | _a109215 | ||
| 020 | _a9786071203755 | ||
| 040 | _cCHAP | ||
| 082 | 0 |
_a338.10972 _bI55 |
|
| 245 | 0 | 0 |
_aIngresos y costos de produccion 2013, unidades representativas de producción : _btrópicos húmedos y mesa central - paneles de productores / _ccoordinado por Leticia Myriam Sagarnaga Villegas, José María Salas González y Jorge Aguilar Ávila. |
| 260 |
_aChapingo, Méx. : _bUACH. CIESTAAM, _c2014. |
||
| 300 |
_axi, 341 p. : _bgraáfs., cuadrs. |
||
| 590 |
_aE5995AHE _b05 _c20150728 _lUCH01 _h0951 |
||
| 590 |
_aE5995AHE _b05 _c20150728 _lUCH01 _h0955 |
||
| 590 |
_aE5995AHE _b05 _c20150728 _lUCH01 _h1237 |
||
| 650 | 1 | 4 |
_aAgricultura _xAspectos económicos _zMéxico _91312 |
| 650 | 1 | 4 |
_aAgricultura _xCostos _91385 |
| 650 | 1 | 4 |
_aCultivos _xCostos de producción. _930247 |
| 650 | 1 | 4 |
_aIngresos. _958362 |
| 650 | 1 | 4 |
_aToma de decisiones. _9113662 |
| 700 | 0 |
_aAguilar Avila, Jorge _e, coord. _92652 |
|
| 700 | 0 |
_aSagarnaga Villegas, Leticia Myriam _e, coord. _9101176 |
|
| 700 | 0 |
_aSalas González, José María _e, coord. _9101305 |
|
| 901 | _aBK | ||
| 942 | _cLIBRO | ||
| 942 | _n0 | ||
| 999 |
_c108243 _d108243 |
||